Современные методы термической обработки сварных соединений: учебное пособие для среднего профессионального образования

Dades bibliogràfiques
Autor principal: Корольков П. М. Петр Мстиславович
Altres autors: Ханапетов М. В. Михаил Васильевич
Idioma:rus
Publicat: Москва, Высшая школа, 1987
Matèries:
Format: MixedMaterials Llibre
KOHA link:https://koha.lib.tpu.ru/cgi-bin/koha/opac-detail.pl?biblionumber=273858

MARC

LEADER 00000nam0a2200000 4500
001 273858
005 20231101234654.0
020 |a RU  |b 87-6718 
035 |a (RuTPU)RU\TPU\book\297068 
090 |a 273858 
100 |a 20141029d1987 m y0rusy5003 ca 
101 0 |a rus 
102 |a RU 
105 |a a j 000zy 
200 1 |a Современные методы термической обработки сварных соединений  |e учебное пособие для среднего профессионального образования  |f П. М. Корольков, М. В. Ханапетов 
210 |a Москва  |c Высшая школа  |d 1987 
215 |a 111 с.  |c ил.  |d 20 см 
606 1 |a Сварные соединения и швы  |x Термическая обработка  |2 stltpush  |3 (RuTPU)RU\TPU\subj\53994  |9 72157 
610 1 |a нагревательные устройства 
610 1 |a материалы 
610 1 |a оборудование 
610 1 |a технология 
610 1 |a температурный контроль 
610 1 |a безопасность 
610 1 |a учебные пособия 
675 |a 621.791.05(075.32)  |z rus  |v 3 
700 1 |a Корольков  |b П. М.  |g Петр Мстиславович  |4 070 
701 1 |a Ханапетов  |b М. В.  |g Михаил Васильевич  |4 070 
801 0 |a RU  |b RuMRKP  |c 19950417  |g psbo 
801 1 |a RU  |b 63413507  |c 20141029 
801 2 |a RU  |b 63413507  |c 20150730  |g RCR 
942 |c BK